00781nam a22001817a 4500003000900000008004100009040007100050082003200121100002700153245009700180260003800277300002600315505018000341650001900521650002900540650001200569650001800581AR-CdUCM190402b           ||||| |||| 00| 0 spa d  aMUNICIPALIDAD PROVINCIAL DEL CUSCOcBIBLIOTECA MUNICIPAL DEL CUSCO  22ed.a348.982 /bR21 / 1940  aRamirez Gronda,Juan D.  aDerecho del trabajo de la republica Argentina :bDoctrina - Legislación - Jurisprudencia /  aBuenos Aires :bClaridad :c1940.  a416 paginas ;c20 cm.  aContenido : El derecho al trabajo -- La organización del trabajo -- Derecho constitucional del trabajo -- Gestión y coordinación del trabajo -- El contrato de trabajo...  aNormas legales  aDespidos no indemizables  aSalario  aJornada legal